[Event "Titled Tuesday intern op 16th Apr Early"]
[Site "Chess.com INT"]
[Date "2024.04.16"]
[Round "6"]
[White "Skiadopoulos, Nikolaos"]
[Black "Hercegovac, Neven"]
[Result "0-1"]
[WhiteElo "1917"]
[BlackElo "2344"]
[PlyCount "78"]
[EventDate "2024.04.16"]
[EventType "swiss (blitz)"]
[EventRounds "11"]
[EventCountry "USA"]
[SourceTitle "CB17_2024"]
[SourceDate "2024.04.24"]
[SourceVersion "1"]
[SourceVersionDate "2024.04.24"]
[SourceQuality "1"]

1. b4 Nf6 2. Bb2 e6 3. a3 Be7 4. c4 0-0 5. Nf3 b6 6. e3 Bb7 7. d4 d5 8. Nc3 Nbd7 9. c5 Ne4 10. Nxe4 dxe4 11. Nd2 f5 12. Qb3 Bd5 13. Bc4 c6 14. b5 bxc5 15. bxc6 Nb6 16. dxc5 Nxc4 17. Nxc4 Rb8 18. Qc3 Bf6 19. Ne5 Qc7 20. 0-0 Rxb2 21. Qxb2 Bxe5 22. Qc1 Bxa1 23. Qxa1 Qxc6 24. Qd4 Rb8 25. Qe5 Rc8 26. Rc1 Qa4 27. h4 Qxa3 28. Rd1 Qxc5 29. h5 h6 30. Rb1 a5 31. Ra1 Qc3 32. Qxc3 Rxc3 33. Rxa5 Kf7 34. g4 fxg4 35. Kg2 Kf6 36. Kg3 Rc2 37. Ra7 Rb2 38. Rc7 Rb7 39. Rc8 Kg5 0-1

[Event "Titled Tuesday intern op 09th Jan Early"]
[Site "Chess.com INT"]
[Date "2024.01.09"]
[Round "2"]
[White "Skiadopoulos, Nikolaos"]
[Black "Teimouri Yadkuri, Shahdad"]
[Result "0-1"]
[WhiteElo "1854"]
[BlackElo "2179"]
[PlyCount "76"]
[EventDate "2024.01.09"]
[EventType "swiss (blitz)"]
[EventRounds "11"]
[EventCountry "USA"]
[SourceTitle "CB03_2024"]
[SourceDate "2024.01.17"]
[SourceVersion "1"]
[SourceVersionDate "2024.01.17"]
[SourceQuality "1"]

1. e4 c5 2. Nf3 d6 3. Bb5+ Nd7 4. 0-0 Ngf6 5. e5 dxe5 6. Nxe5 a6 7. Bxd7+ Nxd7 8. Qe2 g6 9. Re1 Bg7 10. Nf3 e5 11. d4 cxd4 12. Nxd4 0-0 13. Nb3 b5 14. Nc3 Bb7 15. Be3 Qc7 16. Rad1 Rfd8 17. Nd5 Bxd5 18. Rxd5 Nf6 19. Rxd8+ Rxd8 20. Rd1 Nd5 21. Bg5 f6 22. Bc1 f5 23. Bg5 Rd7 24. h4 e4 25. g3 Nb6 26. Rxd7 Qxd7 27. c3 Nc4 28. Bc1 Be5 29. Nc5 Qd6 30. b4 Bxc3 31. Nxe4 fxe4 32. Qxe4 Kf7 33. Bh6 Ne5 34. Bf4 Ke6 35. h5 Qd1+ 36. Kg2 Qd5 37. Qxd5+ Kxd5 38. hxg6 hxg6 0-1

[Event "Titled Tuesday intern op 12th Dec Early"]
[Site "Chess.com INT"]
[Date "2023.12.12"]
[Round "2"]
[White "Goltsev, Dmitry"]
[Black "Skiadopoulos, Nikolaos"]
[Result "1-0"]
[WhiteElo "2215"]
[BlackElo "1854"]
[PlyCount "107"]
[EventDate "2023.12.12"]
[EventType "swiss (blitz)"]
[EventRounds "11"]
[EventCountry "USA"]
[SourceTitle "CB51_2023"]
[SourceDate "2023.12.20"]
[SourceVersion "1"]
[SourceVersionDate "2023.12.20"]
[SourceQuality "1"]

1. e4 c5 2. Nf3 Nc6 3. d4 cxd4 4. Nxd4 e5 5. Nf5 d5 6. Qxd5 Qxd5 7. exd5 Bxf5 8. dxc6 bxc6 9. Bd3 e4 10. Bc4 Nf6 11. Nc3 Bb4 12. Bd2 0-0-0 13. a3 Ba5 14. 0-0-0 Kb7 15. h3 h5 16. b4 Bb6 17. Be3 Bxe3+ 18. fxe3 Bg6 19. Na4 Kc7 20. Nc5 Nd5 21. Bxd5 Rxd5 22. Rxd5 cxd5 23. Rd1 Kc6 24. Kb2 h4 25. Kc3 Bh5 26. Rf1 Rh6 27. Kd4 f6 28. c4 dxc4 29. Nxe4 Rg6 30. Rf2 c3 31. Nxc3 Rg3 32. Ne4 Rg6 33. Rc2+ Kb6 34. Rc5 Bd1 35. Nc3 Rxg2 36. Nd5+ Ka6 37. Nf4 Ra2 38. Ra5+ Kb6 39. Ne6 g5 40. Nc5 g4 41. hxg4 h3 42. Nd7+ Kc7 43. Nxf6 h2 44. Rxa7+ Kd6 45. Ne4+ Kc6 46. Rh7 Bxg4 47. Rh6+ Kc7 48. b5 Rxa3 49. b6+ Kb8 50. Nc5 Ra2 51. Rh8+ Bc8 52. b7 h1Q 53. Rxc8+ Ka7 54. b8Q# 1-0

[Event "Titled Tuesday intern op 26th Sep Early"]
[Site "Chess.com INT"]
[Date "2023.09.26"]
[Round "11"]
[White "Skiadopoulos, Nikolaos"]
[Black "Sarkar, Justin"]
[Result "0-1"]
[WhiteElo "1896"]
[BlackElo "2290"]
[PlyCount "28"]
[EventDate "2023.09.26"]
[EventType "swiss (blitz)"]
[EventRounds "11"]
[EventCountry "USA"]
[SourceTitle "EXT 2024"]
[Source "ChessBase"]
[SourceDate "2023.10.10"]
[SourceVersion "1"]
[SourceVersionDate "2023.10.10"]
[SourceQuality "1"]

1. e4 e5 2. Nf3 Nc6 3. Bc4 Bc5 4. 0-0 Nf6 5. b4 Bxb4 6. c3 Bd6 7. d4 0-0 8. dxe5 Nxe5 9. Nxe5 Bxe5 10. f4 Bd6 11. e5 Bc5+ 12. Kh1 Ne4 13. Qf3 d5 14. Qxe4 dxe4 0-1

[Event "Titled Tuesday intern op 29th Aug Early"]
[Site "Chess.com INT"]
[Date "2023.08.29"]
[Round "2"]
[White "Hernando Rodrigo, Julio Antonio"]
[Black "Skiadopoulos, Nikolaos"]
[Result "1-0"]
[WhiteElo "2238"]
[BlackElo "1896"]
[PlyCount "43"]
[EventDate "2023.08.29"]
[EventType "swiss (blitz)"]
[EventRounds "11"]
[EventCountry "USA"]
[SourceTitle "EXT 2024"]
[Source "ChessBase"]
[SourceDate "2023.10.10"]
[SourceVersion "1"]
[SourceVersionDate "2023.10.10"]
[SourceQuality "1"]

1. d4 Nf6 2. c4 c5 3. d5 b5 4. cxb5 a6 5. Nc3 axb5 6. e4 b4 7. Nb5 d6 8. Bf4 g5 9. Bxg5 Nxe4 10. Nf3 Bg7 11. Bd3 Nxg5 12. Nxg5 Bxb2 13. Qh5 Qa5 14. Qxf7+ Kd8 15. 0-0 Bxa1 16. Rxa1 Ba6 17. Re1 Ra7 18. Ne6+ Kc8 19. Nxd6+ exd6 20. Qxa7 b3 21. Rb1 Re8 22. Bf5 1-0

[Event "Titled Tuesday intern op 22nd Aug Early"]
[Site "Chess.com INT"]
[Date "2023.08.22"]
[Round "1"]
[White "Karamsetty, Jeevan"]
[Black "Skiadopoulos, Nikolaos"]
[Result "1-0"]
[WhiteElo "2218"]
[BlackElo "1896"]
[PlyCount "53"]
[EventDate "2023.08.22"]
[EventType "swiss (blitz)"]
[EventRounds "11"]
[EventCountry "USA"]
[SourceTitle "EXT 2024"]
[Source "ChessBase"]
[SourceDate "2023.10.10"]
[SourceVersion "1"]
[SourceVersionDate "2023.10.10"]
[SourceQuality "1"]

1. e4 c5 2. Nc3 Nc6 3. Bb5 Na5 4. Nf3 a6 5. Be2 b5 6. 0-0 e6 7. a3 Nc6 8. d4 cxd4 9. Nxd4 Nxd4 10. Qxd4 Ne7 11. Bg5 Qc7 12. Rad1 Nc6 13. Qe3 Be7 14. Bf4 d6 15. Qg3 0-0 16. Bxd6 Bxd6 17. Rxd6 b4 18. axb4 Nxb4 19. e5 Bb7 20. Rd4 a5 21. Rh4 Rfd8 22. Qg5 Qc5 23. Rg4 Qf8 24. h4 Rac8 25. h5 Kh8 26. h6 gxh6 27. Qf6+ 1-0

[Event "Titled Tuesday intern op 08th Aug Early"]
[Site "Chess.com INT"]
[Date "2023.08.08"]
[Round "1"]
[White "Skiadopoulos, Nikolaos"]
[Black "Goncharov, Vladimir"]
[Result "0-1"]
[WhiteElo "1896"]
[BlackElo "2077"]
[PlyCount "102"]
[EventDate "2023.08.08"]
[EventType "swiss (blitz)"]
[EventRounds "11"]
[EventCountry "USA"]
[SourceTitle "EXT 2024"]
[Source "ChessBase"]
[SourceDate "2023.10.10"]
[SourceVersion "1"]
[SourceVersionDate "2023.10.10"]
[SourceQuality "1"]

1. e4 e6 2. d4 d5 3. e5 c5 4. c3 Nc6 5. Nf3 Nge7 6. Na3 cxd4 7. cxd4 Nf5 8. Nc2 Nh4 9. Nxh4 Qxh4 10. Be3 Qd8 11. a3 Bd7 12. Bd3 Qb6 13. b4 Ne7 14. Qe2 Nf5 15. Bxf5 exf5 16. 0-0 Be7 17. Ne1 Bb5 18. Nd3 Qa6 19. Rfd1 Rc8 20. Qd2 Bxd3 21. Qxd3 Qxd3 22. Rxd3 Kd7 23. Kf1 Rc4 24. Rdd1 Rhc8 25. Rdc1 Rc2 26. Rxc2 Rxc2 27. Rc1 Ra2 28. Rc3 a5 29. Rb3 axb4 30. axb4 Kc6 31. Ke1 Kb5 32. Bd2 Ra4 33. Rh3 h6 34. Rf3 g6 35. g4 Ra1+ 36. Ke2 Ra2 37. Ke1 Bxb4 38. Bxb4 Kxb4 39. gxf5 gxf5 40. Rxf5 b5 41. Rxf7 Kc4 42. e6 Ra6 43. e7 Re6+ 44. Kd2 b4 45. f4 b3 46. f5 Re4 47. f6 Rxd4+ 48. Kc1 Kc3 49. e8Q b2+ 50. Kb1 Rd1+ 51. Ka2 Ra1# 0-1